000 00264nam a2200109Ia 4500
008 200302s9999 xx 000 0 und d
100 _aJean - Pierre
245 _aHeim Architect
260 _bVisual Rererence Publications Inc.,
260 _c2003
300 _a176 P.,
999 _c5175
_d5175